000 01082nam0a22002891 4500
001 rc\4812200
005 20250612190453.0
021 _aRU
_b81-Кр-19/27
035 _a(NLR Aleph) 008796838
090 _a8076273
_c8076273
100 _a20130426d1960 |||y0rusy50 ca
101 0 _arus
102 _aRU
105 _aa z |||||
200 1 _aЯзык и письмо кавказских албанцев
210 _aТбилиси
_cИзд-во АН ГССР
_d1960
215 _a167-189 с., 2 л. ил.
_cил.
_d26
300 _aЭкз. РНБ (КрII/736): дарств. надпись
300 _aВестн. Отд-ния обществ. наук АН ГССР, № 1, 1960 г. Отд. отт.
320 _aБиблиогр. в подстроч. примеч.
700 1 _7ca
_8rus
_aШанидзе
_bА. Г.
_cфилолог-грузиновед
_f1887-1987
_gАкакий Гаврилович
_9194001
_3RU\NLR\AUTH\770194052
801 0 _aRU
_bNLR
_gpsbo
801 1 _aRU
_bELAR
_2rusmarc
852 _aNLR
_jКрII/736
942 _cBOOK
980 _aNB